000
00270nam a2200097Ia 4500
999
_c
6329
_d
6329
100
_a
Bernd Oestereich
245
0
_a
Developing Software with UML Object-Oriented Analysis And Design In Practice
260
_a
New Delhi
_b
Tata McGraw Hill
_c
2000
300
_a
321
942
_c
BK